| 000 | 00860nam a2200205 a 4500 | ||
|---|---|---|---|
| 008 | 090210s1998 ||||||||||||||||| || u | ||
| 020 | _a0803959397 | ||
| 050 | _aHA 29 Str | ||
| 100 | _aCorbin, Juliet M., 1942- | ||
| 245 | 1 | 0 |
_aBasics of qualitative research: techniques and procedures for developing grounded theory.-- 2nd ed. _cJuliet Corbin and Anselm Strauss |
| 250 | _a2nd ed. | ||
| 260 |
_aLondon _bSAGE Publications _c1998 |
||
| 300 | _axii, 312p.: ill.-- Bibliography | ||
| 350 | _a0.00 | ||
| 650 | 3 | _aP0PULATION STATISTICS | |
| 650 | 0 | _aGROUNDED THEORY | |
| 650 | _aSOCIAL SCIENCES--STATISTICAL METHODS--COMPUTER PROGRAM--EXERCISES, PROBLEMS, ETC | ||
| 700 | _aStrauss, Anselm | ||
| 995 |
_D0.00 _FCBU-MAIN LIBRARY (Kitwe) _H1 _I0.00 _M1 _UOUT _WFeb 10, 2009 _ZMain Library Open Access Collection |
||
| 999 |
_c35643 _d35643 |
||